000 01457nam a2200229Ia 4500
003 Ost
005 20260507075331.0
008 260507s9999||||xx |||||||||||||| ||und||
020 _a27110799579
040 _cfsecg
041 _aara
082 _a330
100 _aعامر، سامح عبد المطلب
_eمؤلف
245 0 _aإدارة الأعمال الدولية /
_c سامح عبد المطلب عامر
260 _aعمان:
_bدار الفكر,
_c2010
300 _a236 صفحة؛
_bإيضاحات ؛
_c25 سم
520 _aنظرة عامة حول ادارة الاعمال الدولية ، بيئة ادارة العامال الدولية ، التخطيط الاستراتيجي في شركات الاعمال الدولية ، تنظيم الاعمال الدولية و الرقابة على ادارة الاعمال الدولية ، لآثار الاستثمارات الأجنبية و استراتيجية التمويل في الاعمال الدولية ، استراتيجية ادارة الموارد البشرية على المستوى العالمي ، استراتيجية التسويق الدولي ، الاستثمارات الاجنبية و اخيرا مناخ الاستثمارات في الدول النامية و بعض من دول الشرق الاوسط
653 _aإدارة الأعمال
653 _aالإستثمارات الأجنبية
653 _aالتسويق
942 _cكتاب
999 _c44001
_d44001